| 000 | 00903nam a2200229Ia 4500 | ||
|---|---|---|---|
| 008 | 130821s1995 ko gr spa | ||
| 020 | _a8986625032 03910 | ||
| 040 |
_aCo-BoUCM _bspa |
||
| 041 | _aspa | ||
| 245 |
_aHistoria de Corea _cRadio Corea Internacional, KBS ; Instituto Nacional para el Desarrollo Internacional de Educación ; Ministerio de Educación de Corea |
||
| 260 |
_aSeúl (Corea del Sur) _bRadio Corea Internacional _c1995 |
||
| 300 | _a222 páginas | ||
| 504 | _aIncluye índice | ||
| 650 | 0 | 4 |
_aHistoria _97695 |
| 651 |
_aCorea _926610 |
||
| 651 |
_aCorea _xHistoria _956062 |
||
| 700 |
_aCorea. Ministerio de Educación _9156241 |
||
| 700 |
_aInstituto Nacional Para El Desarrollo Internacional de Educación _9156242 |
||
| 700 |
_aRadio Corea Internacional, Kbs _9156243 |
||
| 942 |
_cLIBRO _a21 _e1 _mH47 _2DEWEY _h951.9043 |
||
| 999 |
_c17782 _d17782 |
||